| 000 | 01047nam a2200337 a 4500 | ||
|---|---|---|---|
| 001 | 000108555 | ||
| 003 | CHAP | ||
| 005 | 20220329144016.0 | ||
| 008 | 140224s2012 it a |r| ||||||eng d | ||
| 010 | _a105017 | ||
| 011 | _a105989 | ||
| 020 | _a9789251072714 | ||
| 040 | _cCHAP | ||
| 082 | 0 | 4 |
_a634.9 _bF3y v.168 |
| 245 | 1 | 0 |
_aSoil carbon monitoring using surveys and modelling : _bgeneral description and application in the United Republic of Tanzania / _cpor Raisa Mäkipää ...[et al.]. |
| 260 |
_aRoma : _bFAO, _c2012. |
||
| 300 |
_aviii,46 p. : _bil., gráfs. |
||
| 490 | 1 |
_aFAO. Montes _v; 168 |
|
| 590 |
_aE5995AHE _b05 _c20140224 _lUCH01 _h1146 |
||
| 590 |
_aE5995AHE _b05 _c20140224 _lUCH01 _h1150 |
||
| 650 | 1 | 4 |
_aEncuestas. _936846 |
| 650 | 1 | 4 |
_aMuestreo de suelos. _979287 |
| 650 | 1 | 4 |
_aSuelos y clima. _9110569 |
| 650 | 1 | 4 |
_aSuelos _xCarbono. _9110232 |
| 650 | 1 | 4 |
_aSuelos _zTanzania. _9125583 |
| 700 | 1 |
_aMäkipää, Raisa _9125582 |
|
| 830 | 0 |
_aFAO. Montes _v; 168 _939632 |
|
| 901 | _aBK | ||
| 942 | _cLIBRO | ||
| 942 | _n0 | ||
| 999 |
_c105017 _d105017 |
||